| 000 | 01113cam a2200277 4500 | ||
|---|---|---|---|
| 001 | WS106557 | ||
| 008 | 000000n 000 0 eng u | ||
| 035 | _a(Sirsi) u106557 | ||
| 110 |
_aJoint Nature Conservation Committee _91877 |
||
| 245 | _aJoint Nature Conservation Committee | ||
| 520 | _aWeb site for the government's wildlife advisor undertaking national and international conservation work on behalf of the three country nature conservation agencies. Including details of habitat classification systems, legislation, coastal projects and definitions of the international designations of conservation areas. | ||
| 650 | _aWILDLIFE | ||
| 650 | 0 | _aHABITATS | |
| 650 | _aCLASSIFICATION SCHEME | ||
| 650 | _aCOAST | ||
| 650 | _aLEGISLATION | ||
| 650 | _aCONSERVATION AREAS | ||
| 650 | _aSPECIAL AREAS OF CONSERVATION | ||
| 650 |
_aEnvironment _96238 |
||
| 650 | _aSPECIAL PROTECTION AREAS | ||
| 650 | _aRAMSAR SITES | ||
| 650 | _aBIODIVERSITY | ||
| 690 | _aRURAL-NATURE CONSERVATION | ||
| 856 | 4 | 0 |
_uhttps://www.jncc.gov.uk _zView the website free of charge at www.jncc.gov.uk... |
| 942 | _n0 | ||
| 999 |
_c119493 _d119493 |
||